| 000 | 00714nam a2200217Ia 4500 | ||
|---|---|---|---|
| 003 | GCL | ||
| 008 | 140319s9999 xx 000 0 ara d | ||
| 040 |
_aGCL / _cGCL |
||
| 082 | 0 | 4 |
_aق _b953.084 _bع ق |
| 100 | 1 | _aعبدالرحمن عبدالتواب | |
| 245 | 1 | 0 |
_aقايتباى المحمودى / _cعبدالرحمن عبدالتواب |
| 260 |
_a[S.N] : _bالهيئة المصرية العامة للكتاب ، _c1978 |
||
| 300 | _a213 ص | ||
| 650 | 0 | 4 | _aمصر |
| 650 | 0 | 4 | _aتاريخ |
| 650 | 0 | 4 | _aالاحوال الاجتماعية |
| 650 | 0 | 4 | _aالاثار الاسلامية |
| 650 | 0 | 4 | _aالمماليك الجراكسة |
| 650 | 0 | 4 | _aقايتباى المحمدى |
| 942 |
_2ddc _cBK |
||
| 999 |
_c57745 _d57745 |
||